<?xml version="1.0" encoding="UTF-8"?>
<collection xmlns:xsi="http://www.w3.org/2001/XMLSchema-instance" xsi:schemaLocation="http://www.loc.gov/MARC21/slim http://www.loc.gov/standards/marcxml/schema/MARC21slim.xsd" xmlns="http://www.loc.gov/MARC21/slim">
 <record>
  <leader>00000cab a22000004cb4500</leader>
  <controlfield tag="001">IPP-00000661093</controlfield>
  <controlfield tag="003">IPP</controlfield>
  <controlfield tag="005">20250208152109.0</controlfield>
  <controlfield tag="008">250208s2011    xx     d | ||r |||||   ||</controlfield>
  <datafield tag="245" ind1="1" ind2="0">
   <subfield code="a">A.M. no. 07-8-2-SC Rule on children charged under republic act no. 9165 or the Comprehensive Dangerous Drugs Act of 2002</subfield>
  </datafield>
  <datafield tag="264" ind1="#" ind2="1">
   <subfield code="c">2011</subfield>
  </datafield>
  <datafield tag="650" ind1="1" ind2="0">
   <subfield code="a">Drug abuse and crime</subfield>
  </datafield>
  <datafield tag="650" ind1="2" ind2="0">
   <subfield code="a">Drug laws and regulations</subfield>
   <subfield code="x">Juvenile delinquency</subfield>
  </datafield>
  <datafield tag="650" ind1="2" ind2="0">
   <subfield code="a">Comprehensive Dangerous Drug Act of 2002</subfield>
  </datafield>
  <datafield tag="773" ind1="0" ind2="#">
   <subfield code="t">Philippine Judicial Academy (PHILJA)</subfield>
   <subfield code="g">Vol. 13, no. 35 (Jan. 2011 - Jun. 2011), 369-387</subfield>
  </datafield>
  <datafield tag="852" ind1="#" ind2="#">
   <subfield code="a">UPD</subfield>
   <subfield code="b">DLAW</subfield>
  </datafield>
  <datafield tag="942" ind1="#" ind2="#">
   <subfield code="a">Article</subfield>
  </datafield>
  <datafield tag="950" ind1="#" ind2="#">
   <subfield code="a">FI</subfield>
  </datafield>
 </record>
</collection>
